Business policy and strategic management. (3rd ed.) (Record no. 77940)

MARC details
000 -LEADER
fixed length control field 01040nam a2200205 a 4500
008 - FIXED-LENGTH DATA ELEMENTS--GENERAL INFORMATION
fixed length control field 120416s1980 ||||||||||||||||| || u
050 ## - LIBRARY OF CONGRESS CALL NUMBER
Classification number HD 31 Glu
100 ## - MAIN ENTRY--PERSONAL NAME
Personal name Glueck, William F
245 10 - TITLE STATEMENT
Title Business policy and strategic management. (3rd ed.)
250 ## - EDITION STATEMENT
Edition statement 3rd ed.
260 ## - PUBLICATION, DISTRIBUTION, ETC.
Place of publication, distribution, etc. New York:
Name of publisher, distributor, etc. MacGraw-Hill
Date of publication, distribution, etc. 1980
350 ## -
-- 0.00
650 #0 - SUBJECT ADDED ENTRY--TOPICAL TERM
Topical term or geographic name entry element MANAGEMENT
650 ## - SUBJECT ADDED ENTRY--TOPICAL TERM
Topical term or geographic name entry element BUSINESS POLICY
650 ## - SUBJECT ADDED ENTRY--TOPICAL TERM
Topical term or geographic name entry element STRATEGIC MANAGEMENT
995 ## -
-- MAIN LIBRARY OPEN ACCESS
-- 0.00
-- 710947
-- CBU-MAIN LIBRARY (Kitwe)
-- 5
-- 19.95
-- HD 31 Glu
-- 3
-- AVAILABLE
-- 000488
-- Main Library Open Access Collection
995 ## -
-- BINDERY (DAMAGED)
-- 0.00
-- 710950
-- CBU-MAIN LIBRARY (Kitwe)
-- 4
-- 19.95
-- HD 31 Glu
-- 1
-- DAMAGED
-- 000486
-- Main Library Open Access Collection
995 ## -
-- BINDERY (DAMAGED)
-- 0.00
-- 706112
-- CBU-MAIN LIBRARY (Kitwe)
-- 6
-- 19.95
-- HD 31 Glu
-- 7
-- DAMAGED
-- 706112
-- Main Library Open Access Collection
995 ## -
-- BINDERY (DAMAGED)
-- 0.00
-- 710949
-- CBU-MAIN LIBRARY (Kitwe)
-- 3
-- 19.95
-- HD 31 Glu
-- 2
-- DAMAGED
-- 000487
-- Main Library Open Access Collection
999 ## -
-- 77940
-- 77940
Holdings
Withdrawn status Lost status Source of classification or shelving scheme Damaged status Not for loan Permanent Location Current Location Date acquired Full call number Date last seen Copy number Price effective from Koha item type Shelving location Total Checkouts Barcode
Withdrawn         CBU-MAIN LIBRARY, KITWE. CBU-MAIN LIBRARY, KITWE. 05/03/2023 HD 31 Glu 05/03/2023 1p000488 05/03/2023 MONOGRAPH      
          CBU-MAIN LIBRARY, KITWE. CBU-MAIN LIBRARY, KITWE. 05/03/2023 HD 31 Glu 05/03/2023 2 05/03/2023 MONOGRAPH     000486
          CBU-MAIN LIBRARY, KITWE. CBU-MAIN LIBRARY, KITWE. 05/03/2023 HD 31 Glu 05/03/2023 3 05/03/2023 MONOGRAPH     706112
          CBU-MAIN LIBRARY, KITWE. CBU-MAIN LIBRARY, KITWE. 05/03/2023 HD 31 Glu 05/03/2023 4 05/03/2023 MONOGRAPH     000487